000 00525nam a2200121Ia 4500
008 220615s9999||||xx |||||||||||||| ||und||
100 _aSalerni, Anna||ZANAZZI, SILVIA
245 0 _aChapter Insights from the Fields: the Role of Reflection in ‘Learning How to Learn’
546 _aEnglish[eng]
650 _auniversity traineeship||experiential learning||reflective thinking||reflective writing||reflective practitioner
856 _uhttps://library.oapen.org/bitstream/20.500.12657/55933/1/13836.pdf
942 _cEB
999 _c9451
_d9451